000 02201nam a2200229Ia 4500
003 Ost
005 20260507075012.0
008 260507s9999||||xx |||||||||||||| ||und||
040 _cfsecg
041 _aara
082 _a336.206
100 _aأبو كرش، شريف مصباح
_eمؤلف
245 0 _aإدارة المنازعات الضريبية في ربط وتحصيل الضرائب /
_c شريف مصباح أبو كرش
260 _aعمان:
_bدار المناهج للنشر,
_c2004
300 _a302 صفحة؛
_bإيضاحات ؛
_c24 سم
504 _aبيبليوغرافيا ص.293
520 _aجاء هذا الكتاب في عشرة فصول حيث تعرض لموضوع الإدارة الضريبية وقدم مفهومها وأهميتها وعناصرها وسمات الإدارة الضريبية الجيدة كما تناول التعديلات التي طراءت على قوانين ضريبة الدخل كما قدم محتوى شامل لموضوع الطعن في ضريبة الدخل في التشريع الضريبي أضافة الى تقديم حالات عملية في القضاء الضريبي لفائدة الدارسين والباحثين ولتقريب الموضوع من الناحية العملية. نذكر تسلسل الفصول على النحو التالي الادارة الضريبية ،تلخيص لقانون ضريبة الدخل الاردني،تعديلات قانون ضريبة الدخل ، الطعن في التشريع الضريبي المقارن، الطعن في ربط الضرائب غير المباشرة ، المحاكم في قانون ضريبة الدخل، اثر انتضافة الاقصى على الحصيلة الضريبية للسلطة الفلسطينية ، طرق الطعني في ضريبة الدخل في التشريع الفلسطيني.المصري.العراقي.السوري .الاردني، طرق تقدير ضريبة الدخل في التشريع الضريبي المقارن، حالات عملية في القضاء الضريبي
653 _aالضرائب
653 _aالضرائب- جمع
653 _aالضرائب- خصومات
942 _cكتاب
999 _c42170
_d42170